| 000 | 01021cam a22001814a 4500 | ||
|---|---|---|---|
| 005 | 20250605164144.0 | ||
| 008 | 250528s ||||||||||||||||||||||||d | ||
| 035 | _a19105 | ||
| 040 |
_aGR-AtMCL _bgre _dGR-AtMCL _eAACR2 |
||
| 245 | 1 | _aΔοκίμιο Συνταγματικού Δικαίου / Γ' Έκδοση Βελτιωμένη και Προσαρμοσμένη στην Αναθεώρηση του Συντάγματος | |
| 260 |
_bΚαραμπερόπουλος Α.Ε, _c1990 |
||
| 300 | _a208 | ||
| 520 | _aΕισαγωγικές Έννοιες, Ατομικά Δικαιώματα και Ελευθερίες, Οργάνωση του Κράτους κατά το Σύνταγμα του 1975, Πολίτευμα της Ελλάδας, Ο Πρόεδρος της Δημοκρατίας, Βουλή, Κυβέρνηση, Δικαστική Λειτουργία, Διοίκηση, Παράρτημα. | ||
| 700 | 1 |
_aΤρικκαίος Κώστας Ι _95352 |
|
| 942 | _cBK | ||
| 999 |
_c4384 _d4384 |
||